000 01376nam a2200337 c 4500
003 BLK
005 20231124174547.0
008 180408b bul|||||r ||||||| ||bul||
010 _aKNG00075198000
020 _a978-954-585-777-5
_bиздат.: Бард
040 _aBLK
041 _aBUL
_cBUL
080 _aАмериканска литература (на САЩ)
_b821.111(73)
_x-31
_z821.111(73)-31
100 1 _aЕйбрамс, Дъглас Карлтън
_eпърви автор
_9295140
700 1 _aКутева, Диана
_eпрев.
_9364219
700 1 _aСтойчев, Стамен
_eпрев.
_9364220
139 _aЕйбрамс, Дъглас Карлтън
_bЕ 39
245 1 0 _aИзгубеният дневник на Дон Жуан
_cДъглас Карлтън Ейбрамс; прев. Диана Кутева; прев. Стамен Стойчев.
257 _aUSA
260 София
_bБард
_c2007
300 _a400 с.
_c20 см
380 _aX
500 _aОриг. загл. The Lost Diary of Don Juan / Douglas Carlton Abrams. - Офс. изд. - Съдържа и За автора.
653 _aромани
852 _aЦб 234003
856 4 _qpdf
_u
856 4 _qpdf
_u
942 _cKNG
_n0
_04
944 _aCR
_c21.05.2007
_lМинев Младен
_k30530
944 _aED
_c24.03.2014
_lф /
_k
999 _c70835
_d70835